Vox: diccionario manual griego-español

Պահպանված է:
Մատենագիտական մանրամասներ
Հիմնական հեղինակ: Pabón Suárez de Urbina, José Manuel (autor)
Ձևաչափ: Գիրք
Լեզու:հունարեն
իսպաներեն
Հրապարակվել է: Barcelona Bibliograf 1978
Հրատարակություն:11a. ed
Խորագրեր:
Ցուցիչներ: Ավելացրեք ցուցիչ
Չկան պիտակներ, Եղեք առաջինը, ով նշում է այս գրառումը!

MARC

LEADER 00000nam a2200000 a 4500
001 UCL0585
003 CL-VaPUC
008 030728e19780000SP |||||||||||||||||gre|d
041 0 7 |a gre  |2 CL-VaPUC 
041 0 7 |a spa  |2 CL-VaPUC 
082 0 4 |a 483  |b PAB  |2 21 
100 |a Pabón Suárez de Urbina, José Manuel  |e autor  |9 597964 
245 1 0 |a Vox: diccionario manual griego-español 
250 |a 11a. ed 
300 |a 711 p 
942 |c BK 
945 |d 20030728 00:00:00  |a cmena 
260 |a Barcelona  |b Bibliograf  |c 1978 
650 7 |a GRIEGO  |2 CL-VaPUC  |9 317586 
650 0 |a Español  |9 255372 
650 0 |a Diccionarios  |9 256200 
583 |a last modification  |c 20030728 00:00:00  |k Rodrigo Vera 
999 |c 304403  |d 304401 
952 |0 0  |1 0  |4 0  |6 483_000000000000000_PAB_1978  |7 0  |8 R  |9 366448  |a BIBEDU  |b BIBEDU  |c MCIRC  |d 2019-11-21  |i 3070514  |l 8  |o 483 PAB 1978  |p 3070514  |r 2024-04-22  |s 2024-04-22  |w 2019-11-21  |y BK_R  |k FIL